00541 2200193 4500001002100000005001500021035002000036245006400056100002200120250001000142300003500152260003500187082001000222084001600232600001400248008004100262020001800303990002600321INLIS00000000000598620240712101006 a0010-07240001661 aMarketing produk pertanian dan industri /cG. Kartasapoetra0 aKartasapoetra, G. aCet.2 axi, 430 hlm. :bilus. ;c24 cm aJakarta :bRineka Cipta,c1992 a658.8 a658.8 Kar m 4aMarketing240712 0 ind  a979-518-244-7 ac.1(19079/STPP/ha/07)